000 00437nam a22001697a 4500
005 20260211121832.0
008 cuc123
020 _a9781118092279
050 _aHF 5548.8 SPE
_b1
100 _aSPECTOR, E. Paul
245 _aIndustrial and organizational psychology :
_bReasearch and practice
250 _a6th
260 _aSingapore
_bJohn Wiley and sons
_c2012c
300 _axxi,441p
500 _aindex,pictures
942 _2lcc
_cBK
_n0
999 _c8676
_d8676